Základné tendencie v mechanizme fungovania kapitalistickej ekonomiky v 80. rokoch Vybrané problémy. Čiastková úloha. ŠPZV 9-2-6/1
Saved in:
| Main Author: | |
|---|---|
| Format: | Book |
| Language: | Slovak |
| Published: |
Bratislava
Ekon. ústav SAV
1987
|
| Edition: | 1. vyd. |
| Series: | Výskumné práce
Č.73 |
| Tags: |
No Tags, Be the first to tag this record!
|
MARC
| LEADER | 00000nam a2200000 4500 | ||
|---|---|---|---|
| 001 | c024963 | ||
| 005 | 20221128074642.4 | ||
| 041 | 0 | |a slo | |
| 044 | |a SK | ||
| 245 | 1 | 0 | |a Základné tendencie v mechanizme fungovania kapitalistickej ekonomiky v 80. rokoch |b Vybrané problémy. Čiastková úloha. ŠPZV 9-2-6/1 |c Monika Šestáková |
| 250 | |a 1. vyd. | ||
| 264 | 1 | |a Bratislava |b Ekon. ústav SAV |c 1987 | |
| 300 | |a 112 s. | ||
| 490 | 1 | |a Výskumné práce |v Č.73 | |
| 830 | 0 | |a Výskumné práce |v Č.73 | |
| 100 | 1 | |a Šestáková, Monika | |